Name a World Capital A-Z by Continent - Statistics

General Stats
  • This quiz has been taken 98 times
    67 since last reset
  • The average score is 51 of 84
Answer Stats
Hint Answer % Correct
Europe Vaduz | Valletta | Vatican City | Vienna | Vilnius
95%
Europe Belgrade | Berlin | Bern | Bratislava | Brussels | Bucharest | Budapest
90%
Europe Lisbon | Ljubljana | London | Luxembourg
90%
Europe Madrid | Minsk | Monaco | Moscow
90%
Europe Amsterdam | Andorra la Vella | Athens
87%
Europe Paris | Podgorica | Prague | Pristina
87%
Europe Reykjavik | Riga | Rome
87%
Africa Cairo | Cape Town | Conakry
85%
Asia Taipei | Tashkent | Tbilisi | Tehran | Thimphu | Tokyo
85%
Africa Abuja | Accra | Addis Ababa | Algiers | Antananarivo | Asmara
82%
Europe San Marino | Sarajevo | Skopje | Sofia | Stockholm
82%
Europe Warsaw
82%
North America Washington DC
82%
Asia Baghdad | Baku | Bandar Seri Begawan | Bangkok | Beijing | Beirut | Bishkek
79%
South America Bogotá | Brasilia | Buenos Aires
79%
Asia Jakarta | Jerusalem
79%
Europe Oslo
79%
Oceania Wellington
79%
Europe Chisinau | Copenhagen
77%
South America La Paz | Lima
77%
Asia Sana’a | Seoul | Singapore | Sri Jayawardenepurakotte
77%
Oceania Canberra
74%
South America Quito
74%
South America Santiago | Sucre
74%
Europe Tallinn | Tirana
74%
Europe Zagreb
74%
Africa Bamako | Bangui | Banjul | Bissau | Bloemfontein | Brazzaville
72%
Europe Helsinki
72%
Asia Islamabad
69%
Asia Abu Dhabi | Amman | Ankara | Ashgabat
67%
South America Asuncion
67%
South America Caracas
67%
Africa Dakar | Djibouti | Dodoma
67%
Asia Kabul | Kathmandu | Kuala Lumpur | Kuwait City
67%
Africa Kampala | Khartoum | Kigali | Kinshasa
67%
Asia Malé | Manama | Manila | Muscat
67%
Africa Nairobi | N’Djamena | Niamey | Nouakchott
67%
North America Ottawa
67%
North America Saint George’s | Saint John’s | San José | San Salvador | Santo Domingo
67%
Asia Damascus | Dhaka | Dili | Doha | Dushanbe
64%
South America Georgetown
64%
North America Managua | Mexico City
64%
South America Montevideo
64%
Africa Tripoli | Tunis
64%
Europe Dublin
62%
Europe Kiev
62%
Africa Libreville | Lilongwe | Lomé | Luanda | Lusaka
62%
Africa Port Louis | Porto-Novo | Praia | Pretoria
62%
North America Guatemala City
59%
North America Kingston | Kingstown
59%
Oceania Palikir | Port Moresby | Port Vila
59%
North America Panama City | Port-au-Prince | Port-of-Spain
59%
North America Havana
56%
Africa Malabo | Maputo | Maseru | Mbabane | Mogadishu | Monrovia | Moroni
56%
Asia Ulaanbaatar
56%
Asia Hanoi
54%
Asia Naypyidaw | New Delhi | Nicosia | Nur-Sultan
54%
Asia Riyadh
54%
Africa Windhoek
54%
Asia Yerevan
54%
Africa Freetown
51%
Asia Phnom Penh | Pyongyang
51%
North America Basseterre | Belmopan | Bridgetown
46%
Oceania Funafuti
46%
North America Nassau
46%
Africa Gaborone | Gitega
44%
Africa Juba
44%
Oceania Apia
41%
Oceania Honiara
41%
South America Paramaribo
41%
Africa Rabat
41%
Africa Yamoussoukro | Yaoundé
41%
Oceania South Tarawa | Suva
38%
Oceania Yaren
38%
Africa Harare
36%
North America Tegucigalpa
36%
Africa Ouagadougou
33%
Oceania Ngerulmud | Nuku’alofa
31%
Africa São Tomé
31%
Asia Vientiane
31%
North America Castries
26%
Africa Victoria
26%
Oceania Majuro
23%
North America Roseau
18%
No matching quizzes found
Score Distribution
Percent of People with Each Score
Percentile by Number Answered
Your Score History
You have not taken this quiz since the last reset